Statistics for Countries with the Lowest Life Expectancy

Click here to take the quiz!

General Stats

  • This quiz has been taken 29 times
  • The average score is 19 of 25

Answer Stats

YearsAnswer% Correct
55.17Chad
93%
54.36Central African Republic
89%
61.60Democratic Republic of the Congo
89%
63.62Niger
89%
58.74South Sudan
85%
62.84Benin
81%
60.54Mali
81%
62.13Togo
81%
62.22Angola
78%
62.64Guinea
78%
58.34Somalia
78%
62.16Zimbabwe
78%
62.98Burkina Faso
74%
62.71Burundi
74%
59.82Equatorial Guinea
74%
59.38Guinea-Bissau
74%
55.65Lesotho
74%
55.75Nigeria
74%
63.26Gambia
70%
62.13Mozambique
70%
55.92Sierra Leone
70%
64.38Uganda
70%
61.05Eswatini
67%
58.75Ivory Coast
63%
60.32Cameroon
59%

Score Distribution

Percentile by Number Answered

Percent of People with Each Score

Your Score History

You have not taken this quiz